000 00545nam a2200181Ia 4500
005 20250508170154.0
008 008 250505s9999 xx 000 0 hin d
037 _aTheses
040 _aFEDL
_beng
_cFEDL
041 _ahin
_2eng
084 _a491.4307, RAJ/TH
_qFEDL
100 _aRajni
245 0 _aSahitye- patthan ki prakriya evam kakshka mein sahitye ka shikshan- adhigam
300 _a302p.
546 _aPh.D. Thesis (Delhi University); C D Included
942 _cTH
_h491.4307, RAJ/TH
999 _c1399617
_d1399617